| 000 | 00546nam a2200145Ia 4500 | ||
|---|---|---|---|
| 008 | 170221s9999 xx 000 0 und d | ||
| 100 | _aChe Su Mustaffa | ||
| 245 | _aRelationship between Communication Competence and Psychological Well-being of Flood Victims in Malaysia | ||
| 245 | _cChe Su Mustaffa, Najib Ahmad Marzuki, Nur Haffiza Rahaman | ||
| 260 | _bInternational Review of Management and Marketing | ||
| 260 | _c2016 | ||
| 300 | _a6 : 8S | ||
| 650 | _xMarketing. | ||
| 856 | _uhttp://www.econjournals.com/index.php/irmm/issue/view/97 | ||
| 999 |
_c308436 _d308436 |
||